000
00279nam a22001337a 4500
008
170508b xxu||||| |||| 00| 0 eng d
020
_a
9781422422465
041
_a
eng
080
_a
34
100
_a
15
101
_a
SHJ
245
_a
EVIDENCE
_c
MITCHELL.J.B
942
_2
udc
_c
BK
999
_c
13030
_d
13030